Caste in India : (Record no. 184754)
[ view plain ]
| 000 -LEADER | |
|---|---|
| fixed length control field | 00553 a2200169 4500 |
| 003 - CONTROL NUMBER IDENTIFIER | |
| control field | Nust |
| 005 - DATE AND TIME OF LATEST TRANSACTION | |
| control field | 20230306113850.0 |
| 040 ## - CATALOGING SOURCE | |
| Transcribing agency | Nust |
| 082 ## - DEWEY DECIMAL CLASSIFICATION NUMBER | |
| Classification number | 305.512,SEN |
| 100 ## - MAIN ENTRY--PERSONAL NAME | |
| Personal name | Emile Senart |
| 9 (RLIN) | 109834 |
| 245 ## - TITLE STATEMENT | |
| Title | Caste in India : |
| Remainder of title | the facts and the system / |
| Statement of responsibility, etc. | by Emile Senart ; translated by E. Denison Ross. |
| 260 ## - PUBLICATION, DISTRIBUTION, ETC. | |
| Place of publication, distribution, etc. | London : |
| Name of publisher, distributor, etc. | Methuen & Co., |
| Date of publication, distribution, etc. | 1930. |
| 300 ## - PHYSICAL DESCRIPTION | |
| Extent | xxvi, 220 p. |
| Other physical details | ; 22 cm. |
| 505 ## - FORMATTED CONTENTS NOTE | |
| Formatted contents note | Part-I The Present (Paeg-8), Part-II The Past (Paeg-90),Part-III Origins (Paeg-148), |
| 650 ## - SUBJECT ADDED ENTRY--TOPICAL TERM | |
| Topical term or geographic name entry element | Caste in India |
| 9 (RLIN) | 109835 |
| 942 ## - ADDED ENTRY ELEMENTS (KOHA) | |
| Source of classification or shelving scheme | |
| Koha item type | Book |
| Withdrawn status | Lost status | Source of classification or shelving scheme | Damaged status | Not for loan | Permanent Location | Current Location | Shelving location | Date acquired | Full call number | Barcode | Date last seen | Price effective from | Koha item type | Public note |
|---|---|---|---|---|---|---|---|---|---|---|---|---|---|---|
| Military College of Signals (MCS) | Military College of Signals (MCS) | General Stacks | 12/12/2016 | 305.512,SEN | MCS30161 | 12/08/2016 | 12/12/2016 | Book | Almirah No.73, Shelf No.4 |
